Kreise of the German Empire on a Map - Statistics

General Stats
  • This quiz has been taken 381 times
  • The average score is 176 of 1060
Answers on the Map
Answers color-coded by a green-red scale on the quiz's map according to % correct below.
 
Answer Stats
C Answer % Correct
Prussia Berlin
92%
Hamburg Hamburg
85%
2Bavaria Munich
84%
Bremen Bremen
83%
Prussia Danzig
82%
Prussia Frankfurt am Main
82%
Prussia Cologne
81%
Saxony Dresden
81%
Prussia Frankfurt am der Oder
81%
Saxony Leipzig
79%
2Bavaria Nuremberg
78%
Prussia Hanover
77%
Prussia Kiel
76%
Lubeck Lübeck
74%
Oldenburg Lübeck-Eutin
74%
Prussia Düsseldorf
73%
Prussia | Saxe-Coburg-Gotha Königsberg
73%
Prussia Königsberg in der Neumark
73%
Alsace Strasbourg
73%
Oldenburg | Prussia Oldenburg
72%
Prussia Aachen
71%
Prussia Essen
71%
Prussia Strasburg
71%
Wurttemberg Stuttgart
71%
Prussia Bonn
70%
2Bavaria Munich I
69%
2Bavaria Munich II
69%
Prussia Potsdam
69%
Prussia Dortmund
68%
Mecklenburg-Schwerin Rostock
67%
Baden Baden
65%
Prussia Magdeburg
65%
Prussia Stettin
65%
2Bavaria Augsburg
64%
Hesse Mainz
64%
2Bavaria Regen
64%
Mecklenburg-Schwerin Schwerin
64%
Prussia Schwerin am der Warthe
64%
Prussia Posen
63%
Prussia Saarbrücken
63%
Prussia Brandenburg am der Havel
62%
Prussia Breslau
62%
Baden Mannheim
62%
2Bavaria Regensburg
62%
Prussia Münster
60%
Prussia Bielefeld
59%
Bremen Bremerhaven
59%
Saxony Chemnitz
59%
Saxony Freiberg
59%
Baden Freiburg
59%
Alsace Metz
58%
Wurttemberg Ulm
58%
Prussia Duisburg
57%
Baden Karlsruhe
57%
Saxe-Weimar-Eisenach Weimar
56%
Prussia Erfurt
55%
Baden Heidelberg
55%
Prussia Trier
55%
Prussia Kassel
54%
Saxe-Coburg-Gotha Coburg
53%
Saxe-Coburg-Gotha Gotha
53%
Wurttemberg Hall
53%
2Bavaria Wurzburg
53%
Prussia Flensburg
52%
Brunswick Brunswick
51%
Hesse Darmstadt
51%
Prussia Osnabrück
51%
Prussia Cottbus
50%
2Bavaria Ingolstadt
50%
Prussia Memel
49%
2Bavaria Passau
49%
Prussia Wiesbaden
49%
Prussia Koblenz
48%
Baden Konstanz
48%
Prussia Bochum
47%
Prussia Lüneburg
47%
Reuss-Gera Gera
45%
Prussia Halle am der Saale
44%
Prussia Halle in Westfalen
44%
Prussia Rügen
44%
2Bavaria Bamberg
43%
2Bavaria Bamberg I
43%
2Bavaria Bamberg II
43%
Saxe-Weimar-Eisenach Eisenach
43%
Prussia Gelsenkirchen
43%
Prussia Göttingen
43%
Prussia Mönchengladbach
43%
Hesse Worms
43%
Prussia Emden
42%
2Bavaria Furth
42%
2Bavaria Fürth
42%
Prussia Gorlitz
41%
Prussia Görlitz
41%
2Bavaria Ludwigshafen
39%
Prussia Stralsund
39%
Saxony Zwickau
39%
2Bavaria Bayreuth
38%
Alsace Colmar
38%
2Bavaria Kaiserslautern
38%
Prussia Schleswig
38%
Prussia Fulda
37%
Saxe-Meiningen Meiningen
37%
Prussia Paderborn
37%
Anhalt Dessau
36%
Prussia Greifswald
35%
Prussia Hagen
35%
Prussia Hamm
35%
Hesse Offenbach
35%
2Bavaria Rosenheim
35%
Prussia Herzogtum Lauenburg
34%
Prussia Hildesheim
34%
2Bavaria Hof
34%
Prussia Siegen
34%
2Bavaria Aschaffenburg
33%
2Bavaria Erlangen
33%
Prussia Krefeld
33%
Prussia Lauenburg
33%
Mecklenburg-Strelitz Neubrandenburg
33%
Wurttemberg Tübingen
33%
Mecklenburg-Schwerin Wismar
33%
Prussia Witten
33%
Prussia Kattowitz
32%
Prussia Kleve
32%
2Bavaria Neu-Ulm
32%
Prussia Solingen
32%
2Bavaria Speyer
32%
Baden | Saxe-Coburg-Gotha | Saxe-Weimar-Eisenach Neustadt
31%
2Bavaria Neustadt am der Aisch
31%
2Bavaria Neustadt am der Waldnaab
31%
Prussia Neustadt am Rübenberge
31%
2Bavaria Neustadt an der Haardt
31%
2Bavaria Neustadt an der Saale
31%
Prussia Neustadt in Oberschlesien
31%
Prussia Neustadt in Westpreußen
31%
Waldeck-Pyrmont Pyrmont
31%
Schwarzburg-Rudolstadt Rudolstadt
31%
Prussia Charlottenburg
30%
Hesse Gießen
30%
Wurttemberg Heilbronn
30%
2Bavaria Kempten
30%
2Bavaria Memmingen
30%
Prussia Oppeln
30%
Baden Pforzheim
30%
Wurttemberg Ravensburg
30%
Saxony Bautzen
29%
Prussia Celle
29%
2Bavaria Lindau
29%
Prussia Saarlouis
29%
Schwarzburg-Sondershausen Sondershausen
29%
Prussia Stade
29%
Prussia Altona
28%
2Bavaria Dachau
28%
2Bavaria Landshut
28%
Wurttemberg Ludwigsburg
28%
Prussia Marburg
28%
Prussia Minden
28%
Prussia Sigmaringen
28%
Prussia Wittenberg
28%
2Bavaria Ansbach
27%
Prussia Hanau
27%
Saxony Meißen
27%
Baden Müllheim
27%
Prussia Neuß
27%
Prussia Aurich
26%
2Bavaria Garmisch
26%
Saxony Plauen
26%
Prussia Verden
26%
Prussia Mülheim
25%
Prussia Mülheim am Rhein
25%
Mecklenburg-Strelitz Neustrelitz
25%
Wurttemberg Reutlingen
25%
2Bavaria Schweinfurt
25%
Prussia Usedom-Wollin
25%
Prussia Bromberg
24%
Alsace Mülhausen
24%
Baden Offenburg
24%
2Bavaria Zweibrucken
24%
2Bavaria Berchtesgaden
23%
Lippe Detmold
23%
Prussia Düren
23%
Prussia Goslar
23%
Wurttemberg Heidenheim
23%
2Bavaria | Prussia Landsberg
23%
Wurttemberg Aalen
22%
Prussia Allenstein
22%
Prussia Elbing
22%
Prussia Leer
22%
Saxony Marienberg
22%
Prussia Marienburg
22%
Prussia Recklinghausen
22%
Prussia Remscheid
22%
Prussia Stendal
22%
Prussia Bitburg
21%
Wurttemberg Eßlingen
21%
Prussia Gleiwitz
21%
Prussia Kolberg-Körlin
21%
Prussia Rothenburg
21%
2Bavaria Rothenburg ob der Tauber
21%
Prussia Tost-Gleiwitz
21%
Prussia Thorn
20%
Prussia Grafschaft Bentheim
19%
Prussia Herford
19%
Prussia Limburg
19%
Prussia Tilsit
19%
Mecklenburg-Schwerin Waren
19%
Oldenburg Delmenhorst
18%
Prussia Homberg
18%
2Bavaria Homburg
18%
Prussia Norden
18%
Prussia Nordhausen
18%
2Bavaria Pirmasens
18%
2Bavaria | Wurttemberg Rottenburg
18%
Prussia Spandau
18%
Baden Villingen
18%
Brunswick Wolfenbüttel
18%
Saxony Zittau
18%
Oldenburg Cloppenburg
17%
Prussia Eupen
17%
Reuss-Greiz Greiz
17%
Prussia Hameln
17%
Prussia Harburg
17%
2Bavaria Kaufbeuren
17%
Prussia Köslin
17%
2Bavaria Landau
17%
Baden Lörrach
17%
Prussia Meppen
17%
Prussia Neuwied
17%
Saxony Pirna
17%
Prussia Stolp
17%
2Bavaria Straubing
17%
Prussia Arnsberg
16%
Wurttemberg Böblingen
16%
2Bavaria Freising
16%
Prussia Jülich
16%
Prussia Liegnitz
16%
Alsace | Prussia Saarburg
16%
Prussia Uelzen
16%
Prussia Wetzlar
16%
2Bavaria Amberg
15%
Hesse Bingen
15%
Prussia Borken
15%
Mecklenburg-Schwerin Güstrow
15%
Prussia Halberstadt
15%
Prussia Hoyerswerda
15%
Prussia Lippstadt
15%
Mecklenburg-Schwerin Ludwigslust
15%
Prussia Malmedy
15%
Prussia Mühlhausen
15%
2Bavaria Neuburg am der Donau
15%
Mecklenburg-Schwerin Parchim
15%
Prussia Pinneberg
15%
Prussia Plön
15%
Baden Rastatt
15%
Prussia Rendsburg
15%
Prussia Rotenburg
15%
Prussia Ruppin
15%
Oldenburg Vechta
15%
2Bavaria Deggendorf
14%
Prussia Euskirchen
14%
Prussia Guben
14%
Prussia Heinsberg
14%
Prussia Höxter
14%
Prussia Kammin
14%
Prussia Kulm
14%
Prussia Lübben
14%
2Bavaria | Prussia Neumarkt
14%
Wurttemberg Rottweil
14%
Prussia Soest
14%
Prussia Steinfurt
14%
2Bavaria Traunstein
14%
2Bavaria | Alsace Weißenburg
14%
Prussia Wittmund
14%
Prussia Anklam
13%
Prussia Barmen
13%
Anhalt Bernburg
13%
Prussia Beuthen
13%
Wurttemberg Biberach
13%
Prussia Cochem
13%
Prussia Coesfeld
13%
Prussia Diepholz
13%
Wurttemberg Göppingen
13%
Prussia Grünberg
13%
Prussia Gumbinnen
13%
Prussia Husum
13%
Prussia Lingen
13%
Prussia Merseburg
13%
2Bavaria Nördlingen
13%
Prussia Prenzlau
13%
Prussia Salzwedel
13%
Prussia Schöneberg
13%
Prussia Steinburg
13%
Wurttemberg Tuttlingen
13%
Anhalt Zerbst
13%
2Bavaria Altötting
12%
Prussia Elberfeld
12%
2Bavaria Frankenthal
12%
Prussia Gifhorn
12%
Prussia Glogau
12%
Saxony Grimma
12%
Prussia Hechingen
12%
Brunswick Helmstedt
12%
Prussia Insterburg
12%
Baden Kehl
12%
Anhalt Köthen
12%
Prussia Lübbecke
12%
Prussia Lüchow
12%
Prussia Naumburg
12%
Prussia Oels
12%
Prussia Peine
12%
2Bavaria Schwabach
12%
Prussia Teltow
12%
Oldenburg Birkenfeld
11%
2Bavaria Cham
11%
Prussia Demmin
11%
Baden Emmendingen
11%
2Bavaria Fussen
11%
Prussia Gladbach
11%
Prussia Glatz
11%
Wurttemberg Gmünd
11%
2Bavaria Günzburg
11%
Saxe-Meiningen Hildburghausen
11%
Prussia Iserlohn
11%
Prussia Jerichow I
11%
Prussia Jerichow II
11%
Oldenburg Jever
11%
Prussia Mettmann
11%
Prussia Neisse
11%
Prussia Nienburg
11%
Prussia Olpe
11%
Prussia Osterholz
11%
Prussia Prüm
11%
Prussia Ratibor
11%
Prussia Schmalkalden
11%
Prussia Segeberg
11%
Saxe-Meiningen Sonneberg
11%
Prussia Zell
11%
Prussia Ahrweiler
10%
Hesse Alzey
10%
Prussia Bitterfeld
10%
Wurttemberg Calw
10%
Prussia Dannenberg
10%
2Bavaria Dillingen
10%
2Bavaria Donauwörth
10%
Prussia Eckernförde
10%
2Bavaria Erding
10%
Wurttemberg Freudenstadt
10%
2Bavaria Germersheim
10%
Hesse Groß-Gerau
10%
Alsace Hagenau
10%
Prussia Hirschberg
10%
Brunswick Holzminden
10%
Prussia Jüterborg-Luckenwalde
10%
Prussia Königshütte
10%
Prussia Kreuznach
10%
2Bavaria Kronach
10%
Prussia Merzig
10%
2Bavaria Miltenberg
10%
Prussia Northeim
10%
Prussia Osterode
10%
Prussia Osterrode
10%
Prussia Ostprignitz
10%
Prussia Rixdorf
10%
Saxe-Meiningen Saalfeld
10%
Baden Sinsheim
10%
Prussia Sonderburg
10%
Prussia Stormarn
10%
Wurttemberg Waiblingen
10%
Baden Waldshut
10%
Prussia Warendorf
10%
Prussia Wernigerode
10%
Prussia Ahaus
9%
Prussia Altenkirchen
9%
Prussia Angermünde
9%
Baden Bruchsal
9%
Alsace Diedenhofen
9%
Prussia Forst
9%
Prussia Frankenberg
9%
Prussia Gummersbach
9%
2Bavaria Kelheim
9%
2Bavaria Kitzingen
9%
Prussia Kolmar
9%
2Bavaria Kulmbach
9%
Baden Lahr
9%
Prussia Lyck
9%
Prussia Marienwerder
9%
Prussia Mayen
9%
Prussia Preußisch Eylau
9%
Mecklenburg-Schwerin Ribnitz
9%
Prussia Spremberg
9%
Prussia Templin
9%
Oldenburg Varel
9%
Prussia Waldenburg
9%
Baden Weinheim
9%
Prussia Weißenfels
9%
Prussia Zeitz
9%
Prussia Achim
8%
Prussia Altena
8%
Saxony Annaberg
8%
Saxe-Weimar-Eisenach Apolda
8%
Prussia Bergheim
8%
Prussia Brieg
8%
Baden Buchen
8%
Hesse Dieburg
8%
2Bavaria Dinkelsbühl
8%
2Bavaria Ebersberg
8%
2Bavaria Eichstätt
8%
Prussia Fischhausen
8%
Alsace Forbach
8%
2Bavaria | Hesse Friedberg
8%
Prussia Geldern
8%
Prussia Gnesen
8%
Prussia Greifenhagen
8%
Prussia Grevenbroich
8%
Prussia Hersfeld
8%
Prussia Heydekrug
8%
Prussia Kreuzberg
8%
2Bavaria Kusel
8%
Prussia Lebus
8%
Lippe Lemgo
8%
Wurttemberg Leonberg
8%
2Bavaria Lichtenfels
8%
Prussia Linden
8%
Prussia Luben
8%
Prussia Melle
8%
2Bavaria Miesbach
8%
2Bavaria Mühldorf
8%
Prussia Ortelsburg
8%
2Bavaria Pfaffenhofen
8%
Alsace Schlettstadt
8%
Prussia Schwetz
8%
Prussia Soltau
8%
Prussia St Wendel
8%
Baden Tauberbischofsheim
8%
Prussia Tecklenburg
8%
Prussia Torgau
8%
Baden Überlingen
8%
2Bavaria Weilheim
8%
Prussia Westprignitz
8%
Prussia Zabrze
8%
2Bavaria Aichach
7%
Alsace Altkirch
7%
Hesse Bensheim
7%
Prussia Bernkastel
7%
Prussia Braunsberg
7%
Prussia Brilon
7%
2Bavaria Bruck
7%
Schaumburg-Lippe Bückeburg
7%
Prussia Calau
7%
Wurttemberg Crailsheim
7%
Prussia Danziger Höhe
7%
Prussia Deutsch Krone
7%
Baden Ettlingen
7%
2Bavaria Forchheim
7%
Prussia Goldap
7%
Prussia Graudenz
7%
Prussia Grimmen
7%
Hesse Heppenheim
7%
Prussia Kempen
7%
Wurttemberg Kirchheim
7%
2Bavaria Kissingen
7%
Prussia | Saxony Löbau
7%
Prussia Münden
7%
Prussia Neustettin
7%
Prussia Pleß
7%
Prussia Putzig
7%
Prussia Ragnit
7%
Prussia Rosenberg
7%
Prussia Rosenberg in Oberschlesien
7%
Prussia Simmern
7%
Alsace Thann
7%
2Bavaria Tirschenreuth
7%
2Bavaria Tölz
7%
Prussia Ueckermünde
7%
Prussia Wittlich
7%
Prussia Apenrade
6%
Schwarzburg-Sondershausen Arnstadt
6%
Prussia Aschersleben
6%
Prussia Beeskow-Storkow
6%
Prussia Belgard
6%
Prussia Biedenkopf
6%
Baden Breisach
6%
Baden Bretten
6%
Baden Bühl
6%
Prussia Bunzlau
6%
Prussia Danziger Niederung
6%
Prussia Delitzsch
6%
2Bavaria Dingolfing
6%
Saxony Döbeln
6%
Mecklenburg-Schwerin Doberan
6%
Hesse Erbach
6%
Prussia Erkelenz
6%
Prussia Eschwege
6%
Prussia Frankenstein
6%
Prussia Friedland
6%
Prussia Geilenkirchen
6%
Prussia Gelnhausen
6%
2Bavaria Grafenau
6%
Prussia Greifenberg
6%
Mecklenburg-Schwerin Grevesmühlen
6%
Prussia Gronau
6%
2Bavaria Gunzenhausen
6%
Prussia Höchst
6%
Wurttemberg Künzelsau
6%
Prussia Lissa
6%
Prussia Lötzen
6%
Prussia Luckau
6%
Alsace Molsheim
6%
Baden Mosbach
6%
Wurttemberg Neckarsulm
6%
Prussia Niederung
6%
Prussia Oberbarnim
6%
Wurttemberg Öhringen
6%
Prussia Oletzko
6%
Saxony Oschatz
6%
Prussia Osthavelland
6%
Prussia Preußisch Holland
6%
Prussia Randow
6%
Alsace Rappolts-Weiler
6%
Prussia Rößel
6%
Prussia Rybnik
6%
Prussia Sagan
6%
Prussia Sangerhausen
6%
Reuss-Gera Schleiz
6%
Mecklenburg-Strelitz Schönberg
6%
2Bavaria Schongau
6%
Saxony Schwarzenberg
6%
2Bavaria Sonthofen
6%
Prussia Sorau
6%
Schaumburg-Lippe Stadthagen
6%
Prussia Stallupönen
6%
Baden Stockach
6%
Wurttemberg Sulz
6%
Prussia Tondern
6%
Prussia Warburg
6%
Baden Wertheim
6%
Prussia Westhavelland
6%
Prussia Winsen
6%
Alsace Zabern
6%
Prussia Zauch-Belzig
6%
Baden Achern
5%
Prussia Adenau
5%
Hesse Alsfeld
5%
Prussia Angerburg
5%
Prussia Arnswalde
5%
Saxony Auerbach
5%
Wurttemberg Backnang
5%
Wurttemberg Balingen
5%
Anhalt Ballenstedt
5%
Prussia Berent
5%
Brunswick Blankenburg
5%
Saxony Borna
5%
Prussia Burgdorf
5%
Reuss-Greiz Burgk
5%
Prussia Bütow
5%
Alsace Château-Salins
5%
Prussia Crossen
5%
Prussia Darkehmen
5%
Prussia Daun
5%
Baden Donaueschingen
5%
Prussia Dramburg
5%
Saxony Dresden-Altstadt
5%
Saxony Dresden-Neustadt
5%
Wurttemberg Ehingen
5%
Alsace Erstein
5%
Prussia Fallingbostel
5%
2Bavaria Feuchtwangen
5%
Prussia Franzburg
5%
Prussia Fritzlar
5%
Prussia Gardelegen
5%
Prussia Gerdauen
5%
Saxony Großenhain
5%
Prussia Hadersleben
5%
Mecklenburg-Schwerin Hagenow
5%
2Bavaria Haßfurt
5%
Prussia Hattingen
5%
Prussia Heilsberg
5%
Wurttemberg Herrenberg
5%
2Bavaria Hochstadt
5%
2Bavaria Illertissen
5%
Prussia Johannisburg
5%
Prussia Jork
5%
Saxony Kamenz
5%
2Bavaria Karlstadt
5%
Prussia Karthaus
5%
Prussia Konitz
5%
Prussia Labiau
5%
Prussia Langensalza
5%
Prussia Leobschütz
5%
Prussia Löwenberg
5%
Prussia Lüdinghausen
5%
Prussia Meschede
5%
Prussia Naugard
5%
Prussia Neidenburg
5%
Prussia Niederbarnim
5%
Wurttemberg Nürtingen
5%
Prussia Oschersleben
5%
Prussia Posen-Ost
5%
Prussia Posen-West
5%
Prussia Preußisch Stargard
5%
Prussia Pyritz
5%
Prussia Querfurt
5%
Prussia Rastenburg
5%
Prussia Reichenbach
5%
Hamburg Ritzebüttel
5%
Alsace Saargemünd
5%
Baden | Prussia Schönau
5%
2Bavaria Schrobenhausen
5%
Prussia Schweidnitz
5%
Baden Schwetzingen
5%
Prussia Soldin
5%
2Bavaria Sulzbach
5%
Prussia Tuchel
5%
Prussia Wehlau
5%
Oldenburg Westerstede
5%
Oldenburg Wildeshausen
5%
Prussia Wittgenstein
5%
2Bavaria Wunsiedel
5%
Prussia Züllichau-Schwiebus
5%
Prussia Alfeld
4%
Prussia Beckum
4%
Hamburg Bergedorf
4%
Wurttemberg Blaubeuren
4%
Prussia Bleckede
4%
2Bavaria Bogen
4%
Prussia Bomst
4%
Lippe | Oldenburg Brake
4%
Prussia Bremervörde
4%
Prussia Briesen
4%
2Bavaria Bruckenau
4%
Prussia Bublitz
4%
Hesse Büdingen
4%
Prussia Büren
4%
Saxe-Weimar-Eisenach Dermbach
4%
Saxony Dippoldiswalde
4%
Prussia Dirschau
4%
Prussia Duderstadt
4%
Baden Durlach
4%
2Bavaria Eggenfelden
4%
Prussia Einbeck
4%
Wurttemberg Ellwangen
4%
Baden Engen
4%
Prussia Falkenberg
4%
Prussia Flatow
4%
Schwarzburg-Rudolstadt Frankenhausen
4%
Prussia Fraustadt
4%
Prussia Freystadt
4%
Prussia Friedeberg in der Neumark
4%
Brunswick Gandersheim
4%
Alsace Gebweiler
4%
Saxony Glauchau
4%
Prussia Goldberg-Haynau
4%
Prussia Groß Strehlitz
4%
Prussia Groß Wartenberg
4%
Wurttemberg Horb
4%
Prussia Hörde
4%
Prussia Hoya
4%
Prussia Hünfeld
4%
Prussia Iburg
4%
Prussia Isenhagen
4%
Prussia Jarotschin
4%
Prussia Jauer
4%
Schwarzburg-Rudolstadt Königsee
4%
Prussia Kosel
4%
Prussia Krotoschin
4%
Prussia Lauban
4%
2Bavaria Laufen
4%
Prussia Lehe
4%
2Bavaria Lohr
4%
Prussia Lublinitz
4%
Mecklenburg-Schwerin Malchin
4%
Hamburg Marschlande
4%
Wurttemberg Mergentheim
4%
Prussia Meseritz
4%
Prussia Militsch
4%
Prussia Mohrungen
4%
Prussia Montjoie
4%
Prussia Münsterberg
4%
Prussia Namslau
4%
Wurttemberg Neuenbürg
4%
Prussia Neuhaus am Oste
4%
2Bavaria Oberdorf
4%
2Bavaria Ochsenfurt
4%
Saxony Oelsnitz
4%
Prussia Ohlau
4%
Saxe-Coburg-Gotha Ohrdruf
4%
Hesse Oppenheim
4%
Prussia Osterburg
4%
Saxe-Altenburg Ostkreis
4%
Prussia Ostrowo
4%
Prussia Oststernberg
4%
Prussia Pillkallen
4%
Prussia Pleschen
4%
Prussia Rawitsch
4%
Prussia Rees
4%
Prussia Rinteln
4%
Prussia Saatzig
4%
Prussia Schivelbein
4%
Prussia Schlawe
4%
Prussia Schleiden
4%
Prussia Schleusingen
4%
Prussia Schlochau
4%
Prussia Schlüchtern
4%
Wurttemberg Schorndorf
4%
Prussia Schrimm
4%
Prussia Schroda
4%
Prussia Schwelm
4%
Prussia Sensburg
4%
Prussia Steinau
4%
Prussia St Goar
4%
Prussia Stuhm
4%
Prussia Syke
4%
Prussia Tarnowitz
4%
Prussia Trebnitz
4%
Baden Triberg
4%
Prussia Usingen
4%
Wurttemberg Vaihingen
4%
Bremen Vegesack
4%
2Bavaria Vilshofen
4%
Wurttemberg Wangen
4%
Saxe-Altenburg Westkreis
4%
Prussia Weststernberg
4%
Baden Wiesloch
4%
Prussia Witzenhausen
4%
Prussia Wohlau
4%
Prussia Wolmirstedt
4%
Prussia Worbis
4%
Prussia Wreschen
4%
Prussia Adelnau
3%
2Bavaria Alzenau
3%
Prussia Aschendorf
3%
Lippe Barntrup
3%
2Bavaria Beilngries
3%
2Bavaria Bergzabern
3%
Prussia Bersenbrück
3%
Lippe Blomberg
3%
Prussia Blumenthal
3%
Alsace Bolchen
3%
Prussia Bolkenhain
3%
Baden Bonndorf
3%
Baden Boxberg
3%
2Bavaria Burglengenfeld
3%
Prussia Calbe
3%
Wurttemberg Cannstadt
3%
Prussia Czarnikau
3%
Schwarzburg-Sondershausen Ebeleben
3%
Baden Eberbach
3%
Prussia Eckartsberga
3%
Prussia Eiderstedt
3%
Oldenburg Elsfleth
3%
Baden Eppingen
3%
2Bavaria Eschenbach
3%
Baden Ettenheim
3%
Prussia Filehne
3%
Saxony Flöha
3%
Oldenburg Friesoythe
3%
Prussia Geestemünde
3%
Hamburg Geestlande
3%
Schwarzburg-Sondershausen Gehren
3%
Wurttemberg Geislingen
3%
Prussia Gersfeld
3%
Prussia Gostyn
3%
Prussia Grafschaft Hohenstein
3%
Prussia Grätz
3%
2Bavaria Griesbach
3%
Prussia Grottkau
3%
Prussia Guhrau
3%
Prussia Habelschwerdt
3%
Prussia Hadeln
3%
2Bavaria Hammelburg
3%
Prussia Heiligenstadt
3%
Prussia Heilingenbeil
3%
Prussia Hofgeismar
3%
Prussia Hümmling
3%
Prussia Ilfeld
3%
Prussia Inowrazlaw
3%
Prussia Kehdingen
3%
Prussia Kirchhain
3%
2Bavaria Kirchheimbolanden
3%
Prussia Koschmin
3%
Prussia Kosten
3%
Waldeck-Pyrmont Kreis der Eder
3%
Waldeck-Pyrmont Kreis der Twiste
3%
Lippe Lage
3%
Prussia Landeshut
3%
Wurttemberg Laupheim
3%
Hesse Lauterbach
3%
Prussia Lennep
3%
Wurttemberg Leutkirch
3%
Prussia Liebenwerda
3%
Prussia Mansfelder Seekreis
3%
Wurttemberg Marbach
3%
Prussia Melsungen
3%
2Bavaria Mindelheim
3%
Prussia Mogilno
3%
Prussia Mörs
3%
2Bavaria Nabburg
3%
Wurttemberg Nagold
3%
Prussia Neuhaldensleben
3%
Prussia Neurode
3%
Prussia Neutomischel
3%
Prussia Nimptsch
3%
Prussia Norderdithmarschen
3%
Baden Oberkirch
3%
Wurttemberg Oberndorf
3%
Prussia Obornik
3%
Prussia Ottweiler
3%
2Bavaria Pegnitz
3%
2Bavaria Pfarrkirchen
3%
Baden Pfullendorf
3%
Prussia Regenwalde
3%
Prussia Rheinbach
3%
Wurttemberg Riedlingen
3%
Saxony Rochlitz
3%
Saxe-Coburg-Gotha Rodach
3%
2Bavaria Roding
3%
Prussia Ruhrort
3%
Prussia Rummelsburg
3%
Prussia Saalkreis
3%
Baden Säckingen
3%
Lippe Salzuflen
3%
Prussia Samter
3%
Prussia Schildberg
3%
Prussia Schmiegel
3%
Baden Schopfheim
3%
Hesse Schotten
3%
Prussia Schubin
3%
Prussia Schweinitz
3%
Prussia Springe
3%
Prussia Sprottau
3%
Baden Staufen
3%
Lippe Sternberg-Barntrup
3%
Prussia St Goarshausen
3%
Prussia Stolzenau
3%
Prussia Strehlen
3%
Prussia Strelno
3%
Prussia Striegau
3%
Prussia Süderdithmarschen
3%
Wurttemberg Tettnang
3%
2Bavaria Uffenheim
3%
Prussia Uslar
3%
2Bavaria Vilsbiburg
3%
Baden Waldkirch
3%
Saxe-Coburg-Gotha Waltershausen
3%
Prussia Wanzleben
3%
2Bavaria Wasserburg
3%
Prussia Weener
3%
Wurttemberg Weinsberg
3%
Prussia Weißensee
3%
2Bavaria Wertingen
3%
Prussia Wiedenbrück
3%
Prussia Wipperfürth
3%
Prussia Wirsitz
3%
Prussia Witkowo
3%
Baden Wolfach
3%
Prussia Wongrowitz
3%
Prussia Zellerfeld
3%
Prussia Zeven
3%
Prussia Ziegenhain
3%
Prussia Ziegenrück
3%
Prussia Znin
3%
Baden Adelsheim
2%
Wurttemberg Besigheim
2%
Prussia Birnbaum
2%
Wurttemberg Brackenheim
2%
Oldenburg Butjadingen
2%
Prussia Dillkreis
2%
2Bavaria Ebermannstadt
2%
2Bavaria Ebern
2%
Wurttemberg Gaildorf
2%
Prussia Gammertingen
2%
Wurttemberg Gerabronn
2%
2Bavaria Gerolzhofen
2%
Prussia Haigerloch
2%
2Bavaria Hersbruck
2%
2Bavaria Hilpoltstein
2%
Lippe Hohenhausen
2%
Lippe Horn
2%
2Bavaria Kemnath
2%
2Bavaria Königshofen
2%
Waldeck-Pyrmont Kreis des Eisenberges
2%
2Bavaria Krumbach
2%
2Bavaria Mallersdorf
2%
Prussia Mansfelder Gebirgskreis
2%
2Bavaria Marktheidenfeld
2%
Wurttemberg Maulbronn
2%
Prussia Meisenheim
2%
2Bavaria Mellrichstadt
2%
Baden Meßkirch
2%
2Bavaria Munchberg
2%
Wurttemberg Münsingen
2%
2Bavaria Naila
2%
Wurttemberg Neresheim
2%
2Bavaria Neunburg vorm Wald
2%
Prussia Oberlahnkreis
2%
2Bavaria Obernburg
2%
Prussia Oberwesterwaldkreis
2%
Lippe Oerlinghausen
2%
2Bavaria Parsberg
2%
2Bavaria Rehau
2%
Prussia Rheingaukreis
2%
Baden Sankt-Blasien
2%
Wurttemberg Saulgau
2%
2Bavaria Scheinfeld
2%
Lippe Schieder
2%
Lippe Schötmar
2%
2Bavaria Schwabmünchen
2%
Lippe Schwalenberg
2%
Prussia Siegkreis
2%
Wurttemberg Spaichingen
2%
2Bavaria Stadtamhof
2%
2Bavaria Stadtsteinach
2%
2Bavaria Staffelstein
2%
Prussia Sulingen
2%
Prussia Untertaunuskreis
2%
Prussia Unterwesterwaldkreis
2%
Wurttemberg Urach
2%
Lippe Varenholz
2%
2Bavaria Viechtach
2%
2Bavaria Vohenstrauß
2%
Prussia Waldbröl
2%
2Bavaria Waldmünchen
2%
Wurttemberg Waldsee
2%
2Bavaria Wegscheid
2%
Wurttemberg Welzheim
2%
Prussia Westerburg
2%
Prussia Wittlage
2%
Prussia Wolfhagen
2%
2Bavaria Wolfstein
2%
2Bavaria Berneck
1%
2Bavaria Kötzting
1%
Lippe Lipperode-Cappel
1%
Prussia Obertaunuskreis
1%
2Bavaria Teuschnitz
1%
Prussia Unterlahnkreis
1%
2Bavaria Zusmarshausen
1%
No matching quizzes found
Score Distribution
Percent of People with Each Score
Percentile by Number Answered
Your Score History
You have not taken this quiz